| 000 | 00852nam a2200277 i 4500 | ||
|---|---|---|---|
| 001 | 000044799 | ||
| 003 | DO-SdBNP | ||
| 005 | 20251002143659.0 | ||
| 007 | ta | ||
| 008 | 150112s2014 dr 000 0 spa d | ||
| 020 | _a9789945166217 | ||
| 040 |
_aDO-SdBNP _bspa _cBNPHU _erda |
||
| 041 | _aspa | ||
| 082 | 4 |
_axxx _bxxx _222 |
|
| 100 | 1 |
_aDe los Santos García, Eladio, _d1973- _928675 |
|
| 245 | 1 | 0 |
_aHipnagedón : _bhistoria del transpersonaje de antimismos / _cEladio de los Santos García. |
| 260 | _bBú | ||
| 264 | 1 |
_aSanto Domingo : _bEditora Búho, _c2014. |
|
| 300 |
_a167 páginas ; _c23 cm. |
||
| 336 |
_atexto _btxt _2rdacontent |
||
| 337 |
_asin mediación _bn _2rdamedia |
||
| 338 |
_avolumen _bnc _2rdacarrier |
||
| 500 | _aIncluye datos biográficos del autor en las solapas | ||
| 590 | _aInventariado, 2025/BT | ||
| 942 |
_2ddc _cLBS1 |
||
| 999 |
_c44288 _d44288 |
||